[Event "DEM U18 2022"]
[Site "Willingen GER"]
[Date "2022.06.10"]
[Round "8"]
[White "Musiolik, David"]
[Black "Pubantz, Jan"]
[Result "1/2-1/2"]
[Termination "normal"]
[Board "3"]
[WhiteElo "2217"]
[BlackElo "2260"]
[WhiteClock "00:16:34"]
[BlackClock "00:03:20"]
[PlyCount "105"]
[WhiteFideId "12972355"]
[BlackFideId "12996114"]
[EventCountry "GER"]
[EventRounds "9"]
[EventType "swiss"]
[EventDate "2022.06.04"]

1. e4 {[%clk 1:30:46]} c6 {[%clk 1:30:54]} 2. d4 {[%clk 1:31:10]} d5 {[%clk
1:31:23]} 3. e5 {[%clk 1:31:29]} Bf5 {[%clk 1:31:48]} 4. Nf3 {[%clk 1:31:49]}
e6 {[%clk 1:31:41]} 5. Be2 {[%clk 1:32:10]} c5 {[%clk 1:31:13]} 6. O-O {[%clk
1:32:21]} Nc6 {[%clk 1:27:07]} 7. c3 {[%clk 1:32:31]} Bg4 {[%clk 1:13:55]} 8.
Be3 {[%clk 1:20:44]} Bxf3 {[%clk 1:06:04]} 9. Bxf3 {[%clk 1:20:54]} Nge7 {[%clk
1:06:06]} 10. dxc5 {[%clk 1:08:04]} Nf5 {[%clk 0:48:34]} 11. Bd4 {[%clk
0:57:21]} Nfxd4 {[%clk 0:46:51]} 12. cxd4 {[%clk 0:56:04]} Qh4 {[%clk 0:46:23]}
13. Nc3 {[%clk 0:51:28]} Qxd4 {[%clk 0:45:02]} 14. Nb5 {[%clk 0:50:49]} Qxd1
{[%clk 0:41:39]} 15. Rfxd1 {[%clk 0:50:00]} Kd7 {[%clk 0:33:38]} 16. Bxd5
{[%clk 0:38:21]} exd5 {[%clk 0:31:03]} 17. Rxd5+ {[%clk 0:38:45]} Ke7 {[%clk
0:31:20]} 18. Rad1 {[%clk 0:36:39]} Rd8 {[%clk 0:26:22]} 19. Rxd8 {[%clk
0:29:48]} Nxd8 {[%clk 0:26:51]} 20. Nxa7 {[%clk 0:28:09]} Ke8 {[%clk 0:17:37]}
21. b4 {[%clk 0:25:48]} g5 {[%clk 0:13:04]} 22. Nb5 {[%clk 0:14:01]} Nc6 {[%clk
0:08:43]} 23. Nc7+ {[%clk 0:09:26]} Ke7 {[%clk 0:08:59]} 24. Rd6 {[%clk
0:08:59]} Bg7 {[%clk 0:05:51]} 25. Nd5+ {[%clk 0:07:26]} Kf8 {[%clk 0:05:24]}
26. Rd7 {[%clk 0:03:59]} Bxe5 {[%clk 0:05:44]} 27. Rxb7 {[%clk 0:03:44]} Kg7
{[%clk 0:06:06]} 28. a4 {[%clk 0:03:10]} Rd8 {[%clk 0:04:38]} 29. Ne3 {[%clk
0:03:35]} Ra8 {[%clk 0:01:35]} 30. a5 {[%clk 0:02:56]} Bc3 {[%clk 0:01:21]} 31.
Nd5 {[%clk 0:03:01]} Bxb4 {[%clk 0:00:46]} 32. Nxb4 {[%clk 0:03:06]} Rxa5
{[%clk 0:01:05]} 33. Nc2 {[%clk 0:03:29]} Rxc5 {[%clk 0:01:05]} 34. Ne1 {[%clk
0:02:45]} Rc1 {[%clk 0:01:20]} 35. Kf1 {[%clk 0:03:10]} Ne5 {[%clk 0:00:54]}
36. Ke2 {[%clk 0:03:09]} Ra1 {[%clk 0:01:13]} 37. h3 {[%clk 0:01:12]} Ra2+
{[%clk 0:01:04]} 38. Ke3 {[%clk 0:00:54]} Nc4+ {[%clk 0:01:31]} 39. Kd3 {[%clk
0:00:33]} Nd6 {[%clk 0:01:25]} 40. Rb6 {[%clk 0:00:41]} Nf5 {[%clk 0:01:29]}
41. Nc2 {[%clk 0:27:30]} Nh4 {[%clk 0:28:22]} 42. Rb5 {[%clk 0:25:07]} h6
{[%clk 0:27:13]} 43. g3 {[%clk 0:24:59]} Nf3 {[%clk 0:27:35]} 44. Rc5 {[%clk
0:23:39]} Ng1 {[%clk 0:26:17]} 45. h4 {[%clk 0:23:30]} gxh4 {[%clk 0:23:21]}
46. gxh4 {[%clk 0:23:56]} Nh3 {[%clk 0:21:01]} 47. Rf5 {[%clk 0:19:22]} Ra4
{[%clk 0:16:48]} 48. Nd4 {[%clk 0:19:05]} Kg6 {[%clk 0:07:52]} 49. Rf3 {[%clk
0:15:55]} Ra3+ {[%clk 0:04:06]} 50. Ke4 {[%clk 0:16:11]} Rxf3 {[%clk 0:03:50]}
51. Kxf3 {[%clk 0:16:31]} Kh5 {[%clk 0:03:57]} 52. Nf5 {[%clk 0:16:10]} Nxf2
{[%clk 0:03:20]} 53. Kxf2 {[%clk 0:16:34]} 1/2-1/2

[Event "DEM U18 2022"]
[Site "Willingen GER"]
[Date "2022.06.10"]
[Round "8"]
[White "Dobrikov, Marco"]
[Black "Geltz, Noah"]
[Result "1-0"]
[Termination "normal"]
[Board "5"]
[WhiteTitle "FM"]
[WhiteElo "2234"]
[BlackElo "2156"]
[WhiteClock "00:19:20"]
[BlackClock "00:19:04"]
[PlyCount "63"]
[WhiteFideId "12950378"]
[BlackFideId "16224256"]
[EventCountry "GER"]
[EventRounds "9"]
[EventType "swiss"]
[EventDate "2022.06.04"]

1. e4 {[%clk 1:30:57]} c5 {[%clk 1:30:55]} 2. Nf3 {[%clk 1:31:24]} d6 {[%clk
1:31:18]} 3. d4 {[%clk 1:31:49]} cxd4 {[%clk 1:27:17]} 4. Nxd4 {[%clk 1:32:15]}
Nf6 {[%clk 1:27:37]} 5. Nc3 {[%clk 1:32:41]} Nc6 {[%clk 1:28:00]} 6. Bg5 {[%clk
1:32:43]} e6 {[%clk 1:28:15]} 7. Qd2 {[%clk 1:31:41]} a6 {[%clk 1:28:34]} 8.
O-O-O {[%clk 1:31:46]} Bd7 {[%clk 1:28:31]} 9. f4 {[%clk 1:31:19]} Be7 {[%clk
1:28:24]} 10. Nf3 {[%clk 1:28:39]} b5 {[%clk 1:28:07]} 11. e5 {[%clk 1:26:03]}
b4 {[%clk 1:27:46]} 12. exf6 {[%clk 1:26:30]} bxc3 {[%clk 1:27:23]} 13. Qxc3
{[%clk 1:26:58]} gxf6 {[%clk 1:27:38]} 14. Bh6 {[%clk 1:26:50]} a5 {[%clk
1:22:54]} 15. Kb1 {[%clk 1:17:58]} a4 {[%clk 1:13:36]} 16. Bb5 {[%clk 0:56:51]}
Qb6 {[%clk 1:04:00]} 17. Bg7 {[%clk 0:53:54]} Rg8 {[%clk 1:04:09]} 18. Bxc6
{[%clk 0:54:20]} Qxc6 {[%clk 1:03:54]} 19. Bxf6 {[%clk 0:54:35]} Rxg2 {[%clk
1:03:56]} 20. Bd4 {[%clk 0:34:04]} Rc8 {[%clk 0:59:38]} 21. Rhg1 {[%clk
0:28:03]} Qd5 {[%clk 0:52:37]} 22. Qe3 {[%clk 0:24:48]} Rcxc2 {[%clk 0:50:39]}
23. Nd2 {[%clk 0:23:15]} Qf5 {[%clk 0:32:59]} 24. Ka1 {[%clk 0:23:09]} Qg4
{[%clk 0:25:30]} 25. Kb1 {[%clk 0:22:52]} Qg6 {[%clk 0:24:04]} 26. Rxg2 {[%clk
0:22:59]} Qf5 {[%clk 0:22:57]} 27. Rg8+ {[%clk 0:21:37]} Bf8 {[%clk 0:23:23]}
28. Ne4 {[%clk 0:21:10]} Rc6 {[%clk 0:21:10]} 29. Ka1 {[%clk 0:21:32]} e5
{[%clk 0:20:33]} 30. fxe5 {[%clk 0:21:33]} dxe5 {[%clk 0:20:16]} 31. Bxe5
{[%clk 0:20:08]} Ke7 {[%clk 0:19:04]} 32. Bd6+ {[%clk 0:19:20]} 1-0

[Event "DEM U18 2022"]
[Site "Willingen GER"]
[Date "2022.06.10"]
[Round "8"]
[White "Hassemeier, Mika"]
[Black "Weihrauch, Jakob"]
[Result "1/2-1/2"]
[Termination "normal"]
[Board "6"]
[WhiteElo "2177"]
[BlackElo "2151"]
[WhiteClock "00:02:03"]
[BlackClock "00:00:40"]
[PlyCount "126"]
[WhiteFideId "12994880"]
[BlackFideId "16210115"]
[EventCountry "GER"]
[EventRounds "9"]
[EventType "swiss"]
[EventDate "2022.06.04"]

1. e4 {[%clk 1:30:59]} c5 {[%clk 1:30:49]} 2. Nc3 {[%clk 1:31:21]} a6 {[%clk
1:30:33]} 3. g3 {[%clk 1:31:42]} b5 {[%clk 1:30:59]} 4. Bg2 {[%clk 1:32:01]}
Bb7 {[%clk 1:31:27]} 5. d3 {[%clk 1:32:16]} e6 {[%clk 1:31:32]} 6. f4 {[%clk
1:32:33]} b4 {[%clk 1:31:48]} 7. Nce2 {[%clk 1:31:46]} d5 {[%clk 1:30:23]} 8.
e5 {[%clk 1:32:06]} Nh6 {[%clk 1:22:52]} 9. Nf3 {[%clk 1:31:15]} Nc6 {[%clk
1:15:12]} 10. O-O {[%clk 1:25:13]} Qb6 {[%clk 1:10:33]} 11. c3 {[%clk 1:21:51]}
Be7 {[%clk 1:05:26]} 12. d4 {[%clk 1:17:36]} a5 {[%clk 1:02:39]} 13. Bh3 {[%clk
1:01:22]} Ba6 {[%clk 0:52:17]} 14. Be3 {[%clk 0:58:03]} cxd4 {[%clk 0:38:34]}
15. cxd4 {[%clk 0:57:01]} Nf5 {[%clk 0:38:37]} 16. Bf2 {[%clk 0:40:34]} h5
{[%clk 0:34:03]} 17. Re1 {[%clk 0:33:08]} g6 {[%clk 0:21:56]} 18. Bxf5 {[%clk
0:27:59]} exf5 {[%clk 0:20:13]} 19. Nc1 {[%clk 0:24:00]} Nd8 {[%clk 0:18:52]}
20. Nb3 {[%clk 0:23:23]} Ne6 {[%clk 0:15:55]} 21. Rc1 {[%clk 0:22:22]} O-O
{[%clk 0:12:20]} 22. Nc5 {[%clk 0:20:34]} Rfc8 {[%clk 0:12:37]} 23. Nxa6 {[%clk
0:19:06]} Qxa6 {[%clk 0:12:59]} 24. Qa4 {[%clk 0:15:12]} Rc4 {[%clk 0:09:38]}
25. Qd7 {[%clk 0:14:02]} Qc8 {[%clk 0:08:57]} 26. Qxc8+ {[%clk 0:12:50]} Raxc8
{[%clk 0:09:26]} 27. Rxc4 Rxc4 {[%clk 0:09:39]} 28. Kf1 {[%clk 0:08:46]} Bd8
{[%clk 0:09:37]} 29. Rd1 {[%clk 0:08:38]} a4 {[%clk 0:05:48]} 30. Ke2 {[%clk
0:07:49]} Ba5 {[%clk 0:03:24]} 31. Be3 {[%clk 0:06:08]} b3 {[%clk 0:02:44]} 32.
axb3 {[%clk 0:06:19]} Rc2+ {[%clk 0:02:18]} 33. Kd3 {[%clk 0:06:11]} axb3
{[%clk 0:02:41]} 34. Bd2 {[%clk 0:05:28]} Bxd2 {[%clk 0:02:27]} 35. Rxd2 {[%clk
0:05:24]} Rc1 {[%clk 0:01:23]} 36. Ke3 {[%clk 0:04:08]} Rb1 {[%clk 0:00:48]}
37. Re2 {[%clk 0:03:50]} Nc7 {[%clk 0:00:47]} 38. Kd3 {[%clk 0:03:50]} Nb5
{[%clk 0:00:57]} 39. Ng5 {[%clk 0:03:10]} Rd1+ {[%clk 0:00:50]} 40. Rd2 {[%clk
0:03:34]} Rc1 {[%clk 0:00:57]} 41. Nf3 {[%clk 0:26:54]} Na7 {[%clk 0:22:12]}
42. Re2 {[%clk 0:22:17]} Nc6 {[%clk 0:17:57]} 43. Nd2 {[%clk 0:18:58]} Na5
{[%clk 0:14:57]} 44. e6 {[%clk 0:17:25]} fxe6 {[%clk 0:14:31]} 45. Rxe6 {[%clk
0:17:44]} Kf7 {[%clk 0:13:18]} 46. Ra6 {[%clk 0:09:26]} Nc4 {[%clk 0:13:35]}
47. Nxb3 {[%clk 0:09:11]} Nxb2+ {[%clk 0:13:58]} 48. Ke2 {[%clk 0:07:07]} Rc2+
{[%clk 0:13:25]} 49. Kf1 {[%clk 0:07:24]} Nc4 {[%clk 0:09:51]} 50. Ra7+ {[%clk
0:06:57]} Kg8 {[%clk 0:07:28]} 51. Nc5 {[%clk 0:06:01]} Nd2+ {[%clk 0:06:43]}
52. Ke2 {[%clk 0:03:23]} Ne4+ {[%clk 0:05:20]} 53. Ke3 {[%clk 0:03:20]} Rxh2
{[%clk 0:03:21]} 54. Ne6 {[%clk 0:02:49]} Nxg3 {[%clk 0:02:08]} 55. Rg7+ {[%clk
0:02:47]} Kh8 {[%clk 0:02:38]} 56. Rxg6 {[%clk 0:02:36]} Ne4 {[%clk 0:02:41]}
57. Ng5 {[%clk 0:02:02]} h4 {[%clk 0:02:01]} 58. Nf3 {[%clk 0:01:13]} Kh7
{[%clk 0:01:37]} 59. Rg1 {[%clk 0:01:07]} Rh3 {[%clk 0:01:37]} 60. Ke2 {[%clk
0:01:33]} Rg3 {[%clk 0:00:59]} 61. Rxg3 {[%clk 0:01:23]} hxg3 {[%clk 0:01:09]}
62. Nh4 {[%clk 0:01:45]} Kg8 {[%clk 0:00:35]} 63. Kf3 {[%clk 0:02:03]} Nd6
{[%clk 0:00:40]} 1/2-1/2

[Event "DEM U18 2022"]
[Site "Willingen GER"]
[Date "2022.06.10"]
[Round "8"]
[White "Haack, Kevin"]
[Black "Leonard, Timo"]
[Result "0-1"]
[Termination "normal"]
[Board "7"]
[WhiteElo "2176"]
[BlackElo "2018"]
[WhiteClock "00:05:58"]
[BlackClock "00:03:19"]
[PlyCount "120"]
[WhiteFideId "16228715"]
[BlackFideId "16208757"]
[EventCountry "GER"]
[EventRounds "9"]
[EventType "swiss"]
[EventDate "2022.06.04"]

1. d4 {[%clk 1:30:51]} d5 {[%clk 1:30:07]} 2. c4 {[%clk 1:31:14]} c6 {[%clk
1:30:32]} 3. cxd5 {[%clk 1:31:22]} cxd5 {[%clk 1:30:58]} 4. Nc3 {[%clk
1:31:27]} Nf6 {[%clk 1:31:23]} 5. Nf3 {[%clk 1:31:48]} Nc6 {[%clk 1:31:51]} 6.
e3 {[%clk 1:31:02]} a6 {[%clk 1:26:14]} 7. Ne5 {[%clk 1:27:03]} e6 {[%clk
1:17:33]} 8. f4 {[%clk 1:24:29]} Bd7 {[%clk 1:11:06]} 9. Bd3 {[%clk 1:23:05]}
Rc8 {[%clk 1:07:20]} 10. O-O {[%clk 1:19:52]} Be7 {[%clk 0:53:50]} 11. Bd2
{[%clk 1:16:58]} O-O {[%clk 0:53:46]} 12. Be1 {[%clk 1:14:06]} Na5 {[%clk
0:51:38]} 13. Rf3 {[%clk 0:59:09]} Nc4 {[%clk 0:49:08]} 14. Rh3 {[%clk
0:57:28]} g6 {[%clk 0:48:03]} 15. Qe2 {[%clk 0:54:15]} b5 {[%clk 0:47:04]} 16.
Nd1 {[%clk 0:44:32]} Ne4 {[%clk 0:44:55]} 17. Nxc4 {[%clk 0:37:49]} bxc4 {[%clk
0:44:57]} 18. Bxe4 {[%clk 0:38:14]} dxe4 {[%clk 0:45:22]} 19. g4 {[%clk
0:38:18]} c3 {[%clk 0:38:50]} 20. Nxc3 {[%clk 0:30:56]} Rb8 {[%clk 0:34:23]}
21. Rg3 {[%clk 0:29:00]} Qb6 {[%clk 0:32:49]} 22. Rg2 {[%clk 0:29:17]} Rfc8
{[%clk 0:32:35]} 23. g5 {[%clk 0:27:27]} a5 {[%clk 0:28:56]} 24. a3 {[%clk
0:24:54]} Rc7 {[%clk 0:26:18]} 25. h4 {[%clk 0:23:20]} Rcb7 {[%clk 0:25:39]}
26. Nd1 {[%clk 0:22:37]} Bb5 {[%clk 0:24:47]} 27. Qf2 {[%clk 0:22:44]} Bd3
{[%clk 0:22:08]} 28. h5 {[%clk 0:22:17]} Qb5 {[%clk 0:21:11]} 29. Bc3 {[%clk
0:21:58]} Qf5 {[%clk 0:19:12]} 30. Qh4 {[%clk 0:20:20]} e5 {[%clk 0:08:41]} 31.
hxg6 {[%clk 0:16:42]} fxg6 {[%clk 0:08:16]} 32. Rh2 {[%clk 0:15:11]} Bd8 {[%clk
0:08:17]} 33. dxe5 {[%clk 0:14:32]} Bb6 {[%clk 0:07:40]} 34. Qg3 {[%clk
0:11:41]} Rf8 {[%clk 0:05:30]} 35. Rf2 {[%clk 0:09:57]} Rd7 {[%clk 0:05:22]}
36. Bd4 {[%clk 0:09:40]} Bxd4 {[%clk 0:04:44]} 37. exd4 {[%clk 0:10:06]} Rxd4
{[%clk 0:04:45]} 38. Ne3 {[%clk 0:10:25]} Qc8 {[%clk 0:03:59]} 39. Kg2 {[%clk
0:06:39]} Rf7 {[%clk 0:02:49]} 40. Rh1 {[%clk 0:05:31]} Ba6 {[%clk 0:00:34]}
41. Re1 {[%clk 0:24:09]} Bb7 {[%clk 0:26:28]} 42. Kh2 {[%clk 0:23:21]} Rd3
{[%clk 0:20:49]} 43. Qh4 {[%clk 0:22:07]} Qc6 {[%clk 0:17:09]} 44. Rc2 {[%clk
0:19:31]} Qb6 {[%clk 0:16:08]} 45. Rce2 {[%clk 0:17:25]} Qe6 {[%clk 0:12:49]}
46. Ng4 {[%clk 0:16:43]} Rxf4 {[%clk 0:10:48]} 47. Nf6+ {[%clk 0:13:05]} Qxf6
{[%clk 0:09:50]} 48. Qxh7+ {[%clk 0:12:26]} Kxh7 {[%clk 0:10:16]} 49. gxf6
{[%clk 0:12:52]} Rh4+ {[%clk 0:08:05]} 50. Kg1 {[%clk 0:13:12]} Rg3+ {[%clk
0:05:37]} 51. Kf2 {[%clk 0:08:27]} Rf3+ {[%clk 0:06:01]} 52. Kg1 {[%clk
0:08:46]} Rf5 {[%clk 0:03:45]} 53. Rc1 {[%clk 0:06:54]} Rg4+ {[%clk 0:03:27]}
54. Rg2 {[%clk 0:07:20]} Rxg2+ {[%clk 0:03:43]} 55. Kxg2 {[%clk 0:07:46]} e3+
{[%clk 0:03:56]} 56. Kg3 {[%clk 0:06:38]} e2 {[%clk 0:02:08]} 57. f7 {[%clk
0:05:35]} Rxf7 {[%clk 0:02:18]} 58. Re1 {[%clk 0:05:53]} Ba6 {[%clk 0:02:39]}
59. e6 {[%clk 0:05:59]} Re7 {[%clk 0:03:01]} 60. b4 {[%clk 0:05:58]} Rxe6
{[%clk 0:03:19]} 0-1

[Event "DEM U18 2022"]
[Site "Willingen GER"]
[Date "2022.06.10"]
[Round "8"]
[White "Müller, Magnus"]
[Black "Jeschke, Jan"]
[Result "0-1"]
[Termination "normal"]
[Board "8"]
[WhiteElo "2034"]
[BlackElo "2125"]
[WhiteClock "00:55:24"]
[BlackClock "00:08:34"]
[PlyCount "84"]
[WhiteFideId "16230060"]
[BlackFideId "16225430"]
[EventCountry "GER"]
[EventRounds "9"]
[EventType "swiss"]
[EventDate "2022.06.04"]

1. d4 {[%clk 1:30:46]} Nf6 {[%clk 1:30:14]} 2. Nc3 {[%clk 1:31:08]} d5 {[%clk
1:20:39]} 3. Bf4 {[%clk 1:31:31]} Bf5 {[%clk 1:19:43]} 4. e3 {[%clk 1:31:50]}
e6 {[%clk 1:17:59]} 5. Nf3 {[%clk 1:32:14]} Bd6 {[%clk 1:11:32]} 6. Ne5 {[%clk
1:30:52]} a6 {[%clk 1:00:58]} 7. h3 {[%clk 1:28:46]} c5 {[%clk 0:59:47]} 8. g4
{[%clk 1:27:03]} Bg6 {[%clk 0:46:05]} 9. h4 {[%clk 1:26:40]} h6 {[%clk
0:43:25]} 10. Nxg6 {[%clk 1:26:35]} fxg6 {[%clk 0:43:50]} 11. Bd3 {[%clk
1:22:45]} Bxf4 {[%clk 0:42:47]} 12. Bxg6+ {[%clk 1:20:18]} Ke7 {[%clk 0:43:14]}
13. exf4 {[%clk 1:20:27]} cxd4 {[%clk 0:43:26]} 14. Qxd4 {[%clk 1:20:46]} Nc6
{[%clk 0:43:33]} 15. Qc5+ {[%clk 1:20:37]} Qd6 {[%clk 0:43:58]} 16. Qxd6+
{[%clk 1:21:02]} Kxd6 {[%clk 0:44:25]} 17. f3 {[%clk 1:20:13]} Rhf8 {[%clk
0:44:29]} 18. O-O-O {[%clk 1:20:26]} Nd7 {[%clk 0:44:30]} 19. Ne2 {[%clk
1:12:40]} Rac8 {[%clk 0:43:21]} 20. Rhe1 {[%clk 1:13:00]} b5 {[%clk 0:39:11]}
21. f5 {[%clk 1:10:15]} e5 {[%clk 0:36:19]} 22. f4 {[%clk 1:09:23]} Nb4 {[%clk
0:35:41]} 23. c3 {[%clk 1:09:32]} e4 {[%clk 0:35:34]} 24. Nd4 {[%clk 1:06:22]}
Nd3+ {[%clk 0:34:38]} 25. Rxd3 {[%clk 1:06:45]} exd3 {[%clk 0:35:05]} 26. Re6+
{[%clk 1:06:39]} Kc7 {[%clk 0:34:51]} 27. Rxa6 {[%clk 1:06:55]} Nf6 {[%clk
0:28:14]} 28. Kd2 {[%clk 0:58:25]} Ne4+ {[%clk 0:26:59]} 29. Ke3 {[%clk
0:57:26]} b4 {[%clk 0:22:53]} 30. Re6 {[%clk 0:55:58]} d2 {[%clk 0:17:15]} 31.
Ke2 {[%clk 0:56:22]} bxc3 {[%clk 0:17:34]} 32. bxc3 {[%clk 0:56:31]} Rb8 {[%clk
0:11:22]} 33. Rxe4 {[%clk 0:55:49]} dxe4 {[%clk 0:11:40]} 34. Kxd2 {[%clk
0:56:10]} Kd6 {[%clk 0:10:49]} 35. Ke3 {[%clk 0:55:16]} Rfc8 {[%clk 0:10:48]}
36. Kxe4 {[%clk 0:55:22]} Rxc3 {[%clk 0:10:50]} 37. f6 {[%clk 0:55:05]} gxf6
{[%clk 0:10:51]} 38. Bf7 {[%clk 0:55:10]} Rb4 {[%clk 0:10:31]} 39. Kf5 {[%clk
0:54:25]} Rxd4 {[%clk 0:10:52]} 40. Bh5 {[%clk 0:54:40]} Ke7 {[%clk 0:10:58]}
41. Kg6 {[%clk 0:54:56]} Rxf4 {[%clk 0:11:04]} 42. Kxh6 {[%clk 0:55:24]} Rh3
{[%clk 0:08:34]} 0-1

[Event "DEM U18 2022"]
[Site "Willingen GER"]
[Date "2022.06.10"]
[Round "8"]
[White "Zackrisson, Peter"]
[Black "Weidemann, Jakob"]
[Result "1-0"]
[Termination "normal"]
[Board "9"]
[WhiteElo "2020"]
[BlackElo "2047"]
[WhiteClock "00:53:07"]
[BlackClock "00:16:13"]
[PlyCount "57"]
[WhiteFideId "16282078"]
[BlackFideId "16255470"]
[EventCountry "GER"]
[EventRounds "9"]
[EventType "swiss"]
[EventDate "2022.06.04"]

1. e4 {[%clk 1:30:58]} c5 {[%clk 1:30:53]} 2. Nf3 {[%clk 1:31:16]} e6 {[%clk
1:31:16]} 3. g3 {[%clk 1:31:27]} Nc6 {[%clk 1:31:01]} 4. Bg2 {[%clk 1:31:41]}
Nf6 {[%clk 1:30:57]} 5. Qe2 {[%clk 1:31:53]} e5 {[%clk 1:31:15]} 6. O-O {[%clk
1:31:41]} Be7 {[%clk 1:31:15]} 7. c3 {[%clk 1:31:58]} O-O {[%clk 1:31:29]} 8.
Na3 {[%clk 1:31:48]} Re8 {[%clk 1:31:39]} 9. Nc4 {[%clk 1:31:22]} Bf8 {[%clk
1:30:30]} 10. d3 {[%clk 1:31:42]} h6 {[%clk 1:29:28]} 11. a4 {[%clk 1:31:29]}
d5 {[%clk 1:23:50]} 12. exd5 {[%clk 1:27:27]} Nxd5 {[%clk 1:24:02]} 13. Nfxe5
{[%clk 1:27:30]} Nxe5 {[%clk 1:15:47]} 14. Nxe5 {[%clk 1:26:22]} f6 {[%clk
1:11:40]} 15. Nf7 {[%clk 1:23:21]} Qd7 {[%clk 0:57:39]} 16. Nxh6+ {[%clk
1:05:48]} Kh8 {[%clk 0:49:17]} 17. Qh5 {[%clk 1:04:46]} gxh6 {[%clk 0:48:44]}
18. Qxd5 {[%clk 1:04:30]} Qxd5 {[%clk 0:45:08]} 19. Bxd5 {[%clk 1:04:50]} Re5
{[%clk 0:30:41]} 20. Bf3 {[%clk 0:59:58]} Bh3 {[%clk 0:27:06]} 21. Rd1 {[%clk
0:59:52]} Rd8 {[%clk 0:24:27]} 22. Be3 {[%clk 0:57:51]} Re6 {[%clk 0:21:22]}
23. d4 {[%clk 0:57:25]} Rb6 {[%clk 0:21:36]} 24. Rd2 {[%clk 0:57:09]} cxd4
{[%clk 0:16:20]} 25. Bxd4 {[%clk 0:57:12]} Bc5 {[%clk 0:15:29]} 26. Bxf6+
{[%clk 0:52:02]} Rxf6 {[%clk 0:15:50]} 27. Rxd8+ {[%clk 0:52:25]} Kg7 {[%clk
0:16:14]} 28. Rd5 {[%clk 0:52:46]} Bb6 {[%clk 0:16:13]} 29. a5 {[%clk 0:53:07]}
1-0

[Event "DEM U18 2022"]
[Site "Willingen GER"]
[Date "2022.06.10"]
[Round "8"]
[White "Hinrichs, Paul"]
[Black "Orf, Niklas"]
[Result "1-0"]
[Termination "normal"]
[Board "10"]
[WhiteElo "2225"]
[BlackElo "1797"]
[WhiteClock "00:45:40"]
[BlackClock "00:14:25"]
[PlyCount "107"]
[WhiteFideId "12942545"]
[BlackFideId "16245571"]
[EventCountry "GER"]
[EventRounds "9"]
[EventType "swiss"]
[EventDate "2022.06.04"]

1. e4 {[%clk 1:30:57]} d6 {[%clk 1:30:23]} 2. d4 {[%clk 1:31:12]} Nf6 {[%clk
1:30:45]} 3. Nc3 {[%clk 1:31:38]} Nbd7 {[%clk 1:30:40]} 4. f4 {[%clk 1:32:00]}
e5 {[%clk 1:30:51]} 5. Nf3 {[%clk 1:32:25]} exd4 {[%clk 1:31:10]} 6. Qxd4
{[%clk 1:32:52]} c6 {[%clk 1:31:11]} 7. Bd2 {[%clk 1:33:15]} d5 {[%clk
1:31:15]} 8. O-O-O {[%clk 1:33:18]} Bc5 {[%clk 1:30:59]} 9. Qd3 {[%clk
1:33:46]} O-O {[%clk 1:30:48]} 10. exd5 {[%clk 1:34:08]} Qc7 {[%clk 1:29:58]}
11. Ng5 {[%clk 1:14:36]} Bd6 {[%clk 1:25:02]} 12. dxc6 {[%clk 0:58:07]} bxc6
{[%clk 1:24:35]} 13. g3 {[%clk 0:57:10]} Rb8 {[%clk 1:23:11]} 14. Nce4 {[%clk
0:56:00]} Nxe4 {[%clk 1:14:33]} 15. Nxe4 {[%clk 0:56:06]} Be7 {[%clk 1:14:42]}
16. Bc3 {[%clk 0:56:06]} Rd8 {[%clk 1:00:12]} 17. Bg2 {[%clk 0:49:14]} c5
{[%clk 0:55:30]} 18. Rhe1 {[%clk 0:46:34]} Bb7 {[%clk 0:49:28]} 19. Ng5 {[%clk
0:41:23]} Nf8 {[%clk 0:41:37]} 20. Qf5 {[%clk 0:36:27]} Bxg5 {[%clk 0:37:01]}
21. Qxg5 {[%clk 0:29:58]} Ne6 {[%clk 0:25:11]} 22. Rxd8+ {[%clk 0:30:04]} Rxd8
{[%clk 0:21:12]} 23. Rxe6 {[%clk 0:30:23]} fxe6 {[%clk 0:21:32]} 24. Bxb7
{[%clk 0:30:48]} h6 {[%clk 0:20:06]} 25. Qh4 {[%clk 0:31:03]} c4 {[%clk
0:18:23]} 26. Bf3 {[%clk 0:30:15]} Qb6 {[%clk 0:16:30]} 27. b3 {[%clk 0:30:29]}
cxb3 {[%clk 0:16:38]} 28. axb3 {[%clk 0:30:51]} Qe3+ {[%clk 0:10:38]} 29. Kb2
{[%clk 0:30:45]} Rc8 {[%clk 0:10:25]} 30. Bc6 {[%clk 0:27:28]} Rxc6 {[%clk
0:09:03]} 31. Qd8+ {[%clk 0:27:51]} Kh7 {[%clk 0:09:29]} 32. Bxg7 {[%clk
0:28:00]} Rxc2+ {[%clk 0:07:28]} 33. Kxc2 {[%clk 0:28:24]} Kxg7 {[%clk
0:07:54]} 34. Qd3 {[%clk 0:26:20]} Qf2+ {[%clk 0:07:47]} 35. Qd2 {[%clk
0:26:48]} Qb6 {[%clk 0:08:10]} 36. Qc3+ {[%clk 0:26:03]} Kg6 {[%clk 0:08:07]}
37. Qf3 {[%clk 0:26:21]} Qc5+ {[%clk 0:05:49]} 38. Kd2 {[%clk 0:23:07]} Qb4+
{[%clk 0:04:52]} 39. Ke2 {[%clk 0:22:52]} Qa3 {[%clk 0:02:46]} 40. Qe4+ {[%clk
0:22:27]} Kf6 {[%clk 0:03:00]} 41. Qc2 {[%clk 0:21:11]} Qa1 {[%clk 0:28:42]}
42. Kf3 {[%clk 0:50:27]} Qd4 {[%clk 0:27:30]} 43. Kg4 {[%clk 0:47:45]} Qd5
{[%clk 0:23:55]} 44. b4 {[%clk 0:46:34]} Qh1 {[%clk 0:17:57]} 45. Kh5 {[%clk
0:43:43]} Qf3+ {[%clk 0:11:34]} 46. Kxh6 {[%clk 0:43:18]} Qg4 {[%clk 0:11:59]}
47. Qc3+ {[%clk 0:43:46]} Kf7 {[%clk 0:12:24]} 48. Qc7+ {[%clk 0:44:11]} Kf8
{[%clk 0:12:50]} 49. Qb8+ {[%clk 0:44:09]} Kf7 {[%clk 0:13:07]} 50. Qxa7+
{[%clk 0:44:34]} Kf6 {[%clk 0:13:29]} 51. Qd4+ {[%clk 0:44:55]} Kf7 {[%clk
0:13:54]} 52. Qd7+ {[%clk 0:45:09]} Kf6 {[%clk 0:14:00]} 53. Qd8+ {[%clk
0:45:24]} Kf7 {[%clk 0:14:25]} 54. Qg5 {[%clk 0:45:40]} 1-0